Reptiles

Bibliographic Details
Main Author: Richardson, Joy
Format: Book
Published: London : Watts Books , 1993
Series:Lift Off
Subjects:

MARC

LEADER 00000cam a2200000 7i4500
001 0000002768
002 000002998
005 20000330.0
020 |a 0749611049 
090 0 0 |a J 508   |b LIF 
100 1 |a Richardson, Joy 
245 1 0 |a Reptiles   |c Joy Richardson 
260 |a London :   |b Watts Books ,   |c 1993 
300 |a 29p. :   |b ill ;   |c 22cm. 
490 0 |a Lift Off 
650 0 0 |a Reptiles   |x Juvenile literature 
999 |a 036368   |b BUKU   |c PINJAMAN   |e PERPUSTAKAAN KOMUNITI PETALING JAYA